No Word for Good-bye (Registro nro. 23286)

Detalles MARC
000 -CABECERA
Longitud fija campo de control 00739nam a2200241 b 4500
001 - NÚMERO DE CONTROL
Número de control bimo0001688603
003 - IDENTIFICADOR DELl NÚMERO DE CONTROL
Identificador del número de control OSt
005 - FECHA Y HORA DE LA ÚLTIMA TRANSACCIÓN
Fecha y hora de la última transacción 20180410112048.0
008 - CÓDIGOS DE INFORMACIÓN DE LONGITUD FIJA
Códigos de información de longitud fija 010626s2001 sp | ||| ||spa
040 ## - FUENTE DE LA CATALOGACIÓN
Centro transcriptor BCRI
Centro catalogador de origen BCRI
082 ## - NÚMERO DE LA CLASIFICACIÓN DECIMAL DEWEY
Númeroo de clasificación 808.068
082 ## - NÚMERO DE LA CLASIFICACIÓN DECIMAL DEWEY
Númeroo de clasificación 428
100 ## - PUNTO DE ACCESO PRINCIPAL-NOMBRE DE PERSONA
9 (RLIN) 37170
Nombre de persona Craig, John
Fechas asociadas al nombre 1921-1982
Lengua de la obra Danish‏
245 10 - MENCIÓN DE TÍTULO
Título No Word for Good-bye
Mención de responsabilidad, etc. John Craig ; ilustrado por, Harri Aalto
260 ## - PUBLICACIÓN, DISTRIBUCIÓN, ETC. (PIE DE IMPRENTA)
Lugar de publicación, distribución, etc. Ontario
Nombre del editor, distribuidor, etc. Peter Martin Asocciates Limited
Fecha de publicación, distribución, etc. 1969
300 ## - DESCRIPCIÓN FÍSICA
Extensión 194 p.
Otras características físicas il.
Dimensiones 20 cm
505 ## - NOTA DE CONTENIDO CON FORMATO
Nota de contenido con formato Libro en inglés
546 ## - NOTA DE LENGUA
Nota de lengua Traducción de: No word from winifred
650 24 - PUNTO DE ACCESO ADICIONAL DE MATERIA - TÉRMINO DE MATERIA
9 (RLIN) 26317
Término de materia o nombre geográfico como elemento inicial Cuentos canadienses
650 24 - PUNTO DE ACCESO ADICIONAL DE MATERIA - TÉRMINO DE MATERIA
9 (RLIN) 18542
Término de materia o nombre geográfico como elemento inicial Lengua inglesa
Subdivisión de materia general Lecturas
700 1# - PUNTO DE ACCESO ADICIONAL - NOMBRE DE PERSONA
9 (RLIN) 41068
Nombre de persona Aalto, Harri
942 ## - ENTRADA DE ELEMENTOS AGREGADOS (KOHA)
Fuente de clasificaión o esquema Dewey Decimal Classification
Koha [por defecto] tipo de item 1- Monografias
Parte de clasificación prozim
Existencias
Suprimido Perdido Fuente de clasificación o esquema Estropeado Restricciones de uso No para préstamo Código de colección Localización permanente Localización actual Localización en estanter&íacute;as Fecha adquisición Fuente de adquisición Número de inventario Préstamos totales Signatura completa Código de barras Fecha última consulta Coste, precio reemplazado Fecha del precio de reemplazo Tipo de item de Koha
NULL NULL Dewey Decimal Classification NULL Prestable NULL NULL Biblioteca Centro Regional de Ilobasco Biblioteca Centro Regional de Ilobasco Sala Principal 29/10/2015 UNICAES LI001363   N CRA wor 1034859 29/10/2015 12.60 29/10/2015 1- Monografias